Rozpoznaj polskie miasto po słabo narysowanym miejscu - Statystyki

Ogólne statystyki
  • Ten quiz został rozwiązany 258 razy
    142 od ostatniego zresetowania
  • Średni wynik to 6 z 12
Statystyki odpowiedzi
Obrazkowy Odpowiedź % Poprawnych
Warszawa (Stadion Narodowy)
92%
Kraków (Sukiennice)
90%
Oświęcim (Auschwitz-Birkenau)
85%
Gdańsk (Żuraw)
77%
Rzeszów (Pomnik czynu rewolucyjnego)
55%
Katowice (Spodek)
53%
Wrocław (Stary ratusz)
39%
Poznań (Fara Poznańska)
34%
Lublin (Zamek)
33%
Częstochowa (Jasna Góra)
26%
Bydgoszcz (Łuczniczka)
20%
Świnoujście (Stawa młyny)
12%
Nie znaleziono quizów pasujących do podanych kryteriów
Rozkład punktacji
Procent ludzi z każdym wynikiem
Percentyl według liczby udzielonych odpowiedzi
Twoja historia wyników
Nie rozwiązałeś tego quizu od ostatniego zresetowania